Normal view
MARC view
- الشعر العربي-تاريخ ونقد-أبو الطيب المتنبي
Entry Topical Term
001 - CONTROL NUMBER
- control field: 33643
003 - CONTROL NUMBER IDENTIFIER
- control field: JO-AjAnu
005 - DATE AND TIME OF LATEST TRANSACTION
- control field: 20230606075637.0
008 - FIXED-LENGTH DATA ELEMENTS
- fixed length control field: 230606|| aca||aabn | a|a d
040 ## - CATALOGING SOURCE
- Original cataloging agency: JO-AjAnu
- Transcribing agency: JO-AjAnu
150 ## - HEADING--TOPICAL TERM
- Topical term or geographic name entry element: الشعر العربي-تاريخ ونقد-أبو الطيب المتنبي
670 ## - SOURCE DATA FOUND
- Source citation: Work cat.: (JO-AjAnu)17282: مقدادي،زياد محمود, author 33642, تلقي شعر التراث في النقد العربي الحديث من بشار إلى المتنبي "أنموذج"